| 000 | 00616nam a2200241 a 4500 | ||
|---|---|---|---|
| 001 | 0001-1312 | ||
| 003 | ELIB.Books | ||
| 008 | 150710 2010 eng | ||
| 020 | _a0785274405 | ||
| 035 | _a(ELIB.Books)0001-1467 | ||
| 092 |
_a253 _bMax |
||
| 100 | _aMaxwell, John C. | ||
| 245 | _aThe Indispensable Qualities of A Leader | ||
| 260 |
_aNashville: _bThomas Nelson Publishers _c1999 |
||
| 300 |
_a161 _c18.5 Cm |
||
| 500 | _aLibrary | ||
| 650 | _aLeadership | ||
| 856 |
_nKBTS: Library _uKBTS: Elib |
||
| 942 |
_2ddc _cBK |
||
| 990 | _a1 | ||
| 998 |
_cbat _e2015-07-10 |
||
| 999 |
_c11312 _d11312 |
||